[Event "37th Belgrade Trophy 2024"]
[Site "Belgrade"]
[Date "2024.11.24"]
[Round "2.3"]
[White "Atalik, Suat"]
[Black "Xie, Jiaxiang"]
[Result "1/2-1/2"]
[WhiteElo "2420"]
[BlackElo "1949"]
[Annotator "RC"]
[PlyCount "71"]
[EventDate "2024.11.23"]
[EventCountry "SRB"]
[SourceTitle "playchess.com"]
[Source "ChessBase"]
[SourceQuality "1"]
[TimeControl "40/5400+30:900+30"]

1. d4 {[%emt 0:00:04]} f5 {[%emt 0:00:41]} 2. g3 {[%emt 0:01:45]} Nf6 {[%emt 0:00:13]} 3. Bg2 {[%emt 0:00:06]} d5 {[%emt 0:00:12]} 4. Nh3 {[%emt 0:03:34]} e6 {[%emt 0:00:33]} 5. O-O {[%emt 0:00:49]} Bd6 {[%emt 0:00:47]} 6. c4 {[%emt 0:01:44]} c6 {[%emt 0:00:09]} 7. Qc2 {[%emt 0:01:15]} O-O {[%emt 0:00:24]} 8. Bf4 {[%emt 0:00:26]} Ne4 {[%emt 0:02:24]} 9. f3 {[%emt 0:03:16]} Bxf4 {[%emt 0:00:36]} 10. Nxf4 {[%emt 0:00:07]} Nd6 {[%emt 0:00:09]} 11. Nd2 {[%emt 0:00:49]} b6 {[%emt 0:05:05]} 12. e3 {[%emt 0:05:00]} Qf6 {[%emt 0:01:31]} 13. Nd3 {[%emt 0:04:49]} Bb7 {[%emt 0:02:50]} 14. Qc3 {[%emt 0:06:12]} Nf7 {[%emt 0:04:29]} 15. e4 {[%emt 0:04:24]} Nd7 {[%emt 0:11:54]} 16. exf5 {[%emt 0:03:21]} exf5 {[%emt 0:01:26]} 17. Rfe1 {[%emt 0:00:21]} Rfe8 {[%emt 0:09:57]} 18. f4 {[%emt 0:00:56]} Qd6 {[%emt 0:03:24]} 19. Ne5 {[%emt 0:08:05]} Nf6 {[%emt 0:05:31]} 20. cxd5 {[%emt 0:05:05]} cxd5 {[%emt 0:02:10]} 21. Ndc4 {[%emt 0:09:09]} Qc7 {[%emt 0:04:49]} 22. Nxf7 {[%emt 0:03:23]} Qxf7 {[%emt 0:04:15]} 23. Nd6 {[%emt 0:09:39]} Rxe1+ {[%emt 0:00:35]} 24. Qxe1 {[%emt 0:00:46]} Qd7 {[%emt 0:02:19]} 25. Qe5 {[%emt 0:02:04]} Rd8 {[%emt 0:03:31]} 26. Nxb7 {[%emt 0:00:46]} Re8 {[%emt 0:00:28]} 27. Qd6 {[%emt 0:00:14]} Qxb7 {[%emt 0:00:07]} 28. Rc1 {[%emt 0:00:51]} Re7 {[%emt 0:02:49]} 29. Bh3 {[%emt 0:01:43]} Ng4 {[%emt 0:11:18]} 30. Bxg4 {[%emt 0:00:19]} fxg4 {[%emt 0:02:45]} 31. f5 {[%emt 0:01:37]} Qd7 {[%emt 0:06:22]} 32. Qf4 {[%emt 0:03:09]} Re4 {[%emt 0:02:14]} 33. Qb8+ {[%emt 0:12:15]} Re8 {[%emt 0:00:07]} 34. Qf4 {[%emt 0:00:29]} Re4 {[%emt 0:00:05]} 35. Qb8+ {[%emt 0:00:12]} Re8 {[%emt 0:00:05]} 36. Qf4 {[%emt 0:00:04]} 1/2-1/2

[Event "37th Belgrade Trophy 2024"]
[Site "Belgrade"]
[Date "2024.11.24"]
[Round "2.4"]
[White "Zhambalov, Bator"]
[Black "Stanojoski, Zvonko"]
[Result "0-1"]
[WhiteElo "1984"]
[BlackElo "2401"]
[Annotator "RC"]
[PlyCount "70"]
[EventDate "2024.11.23"]
[EventCountry "SRB"]
[SourceTitle "playchess.com"]
[Source "ChessBase"]
[SourceQuality "1"]
[TimeControl "40/5400+30:900+30"]

1. e4 {[%emt 0:08:18]} c5 {[%emt 0:00:24]} 2. Nf3 {[%emt 0:00:06]} Nc6 {[%emt 0:00:08]} 3. Bb5 {[%emt 0:09:49]} Nf6 {[%emt 0:00:19]} 4. e5 {[%emt 0:05:18]} Nd5 {[%emt 0:00:14]} 5. O-O {[%emt 0:00:15]} Nc7 {[%emt 0:01:05]} 6. Bxc6 {[%emt 0:01:42]} dxc6 {[%emt 0:00:07]} 7. h3 {[%emt 0:00:37]} Ne6 {[%emt 0:02:42]} 8. d3 {[%emt 0:01:04]} g6 {[%emt 0:00:31]} 9. b3 {[%emt 0:01:29]} Bg7 {[%emt 0:00:30]} 10. Bb2 {[%emt 0:00:06]} b6 {[%emt 0:06:17]} 11. Nbd2 {[%emt 0:02:24]} O-O {[%emt 0:00:39]} 12. Ne4 {[%emt 0:01:32]} a5 {[%emt 0:01:30]} 13. a4 {[%emt 0:01:35]} Qd5 {[%emt 0:04:31]} 14. Re1 {[%emt 0:04:24]} h6 {[%emt 0:03:47]} 15. Qd2 {[%emt 0:03:50]} Kh7 {[%emt 0:05:14]} 16. Rad1 {[%emt 0:07:00]} Nd4 {[%emt 0:05:00]} 17. Nxd4 {[%emt 0:04:52]} cxd4 {[%emt 0:00:12]} 18. f4 {[%emt 0:00:19]} c5 {[%emt 0:00:38]} 19. Qf2 {[%emt 0:01:53]} Bb7 {[%emt 0:04:39]} 20. Bc1 {[%emt 0:03:41]} f5 {[%emt 0:04:56]} 21. exf6 {[%emt 0:12:04]} exf6 {[%emt 0:00:42]} 22. f5 {[%emt 0:07:14]} gxf5 {[%emt 0:01:32]} 23. Ng3 {[%emt 0:00:22]} f4 {[%emt 0:01:56]} 24. Bxf4 {[%emt 0:01:47]} Rf7 {[%emt 0:00:42]} 25. Ne4 {[%emt 0:11:24]} Rd8 {[%emt 0:05:28]} 26. Nd2 {[%emt 0:01:38]} Rg8 {[%emt 0:00:42]} 27. Kh2 {[%emt 0:02:44]} Bf8 {[%emt 0:00:46]} 28. g3 {[%emt 0:01:10]} Bd6 {[%emt 0:04:45]} 29. Bxd6 {[%emt 0:00:41]} Qxd6 {[%emt 0:00:03]} 30. Nc4 {[%emt 0:01:18]} Qc7 {[%emt 0:01:47]} 31. Rg1 {[%emt 0:01:37]} Re8 {[%emt 0:07:39]} 32. Rde1 {[%emt 0:02:09]} Rfe7 {[%emt 0:00:25]} 33. Rxe7+ {[%emt 0:01:29]} Rxe7 {[%emt 0:00:17]} 34. Rf1 {[%emt 0:01:03]} Qc6 {[%emt 0:02:49]} 35. Nd2 {[%emt 0:00:33]} Re5 {[%emt 0:35:04]} 0-1

[Event "37th Belgrade Trophy 2024"]
[Site "Belgrade"]
[Date "2024.11.24"]
[Round "2.5"]
[White "Sutormin, Danila"]
[Black "Karaivanova, Petya"]
[Result "1-0"]
[WhiteElo "2394"]
[BlackElo "1939"]
[Annotator "RC"]
[PlyCount "77"]
[EventDate "2024.11.23"]
[EventCountry "SRB"]
[SourceTitle "playchess.com"]
[Source "ChessBase"]
[SourceQuality "1"]
[TimeControl "40/5400+30:900+30"]

1. d4 {[%emt 0:02:50]} d5 {[%emt 0:03:28]} 2. c4 {[%emt 0:00:17]} e6 {[%emt 0:00:03]} 3. Nc3 {[%emt 0:00:13]} Nf6 {[%emt 0:00:05]} 4. cxd5 {[%emt 0:00:09]} exd5 {[%emt 0:00:06]} 5. Bf4 {[%emt 0:00:09]} Bd6 {[%emt 0:00:53]} 6. Bxd6 {[%emt 0:00:14]} Qxd6 {[%emt 0:00:06]} 7. e3 {[%emt 0:00:08]} Bf5 {[%emt 0:08:12]} 8. Qf3 {[%emt 0:00:12]} Bg4 {[%emt 0:03:24]} 9. Qg3 {[%emt 0:00:06]} Qxg3 {[%emt 0:00:04]} 10. hxg3 {[%emt 0:00:04]} a6 {[%emt 0:08:21]} 11. f3 {[%emt 0:03:08]} Be6 {[%emt 0:00:28]} 12. g4 {[%emt 0:03:23]} Nbd7 {[%emt 0:01:46]} 13. g5 {[%emt 0:04:39]} Ng8 {[%emt 0:00:06]} 14. Nge2 {[%emt 0:01:22]} Ne7 {[%emt 0:04:31]} 15. Nf4 {[%emt 0:00:31]} O-O-O {[%emt 0:06:32]} 16. Bd3 {[%emt 0:08:35]} g6 {[%emt 0:00:44]} 17. O-O-O {[%emt 0:04:50]} c6 {[%emt 0:17:45]} 18. g4 {[%emt 0:00:21]} b5 {[%emt 0:02:50]} 19. Rh2 {[%emt 0:04:31]} c5 {[%emt 0:03:45]} 20. dxc5 {[%emt 0:02:47]} Nxc5 {[%emt 0:02:15]} 21. Bb1 {[%emt 0:01:03]} Kb8 {[%emt 0:05:59]} 22. b3 {[%emt 0:03:42]} Nc6 {[%emt 0:04:30]} 23. Nce2 {[%emt 0:02:44]} Rc8 {[%emt 0:05:51]} 24. Kb2 {[%emt 0:02:12]} Ne5 {[%emt 0:08:57]} 25. Nd4 {[%emt 0:00:09]} b4 {[%emt 0:00:23]} 26. Rdh1 {[%emt 0:06:54]} Nb7 {[%emt 0:10:39]} 27. Rxh7 {[%emt 0:03:39]} Rxh7 {[%emt 0:00:58]} 28. Rxh7 {[%emt 0:00:06]} Rc3 {[%emt 0:00:05]} 29. Rh8+ {[%emt 0:22:02]} Ka7 {[%emt 0:00:20]} 30. Re8 {[%emt 0:00:07]} Rxe3 {[%emt 0:01:03]} 31. Nfxe6 {[%emt 0:00:24]} fxe6 {[%emt 0:00:14]} 32. Rxe6 {[%emt 0:00:08]} Nd8 {[%emt 0:01:17]} 33. Rd6 {[%emt 0:03:39]} Ndf7 {[%emt 0:00:45]} 34. Rxd5 {[%emt 0:00:51]} Kb6 {[%emt 0:00:07]} 35. f4 {[%emt 0:04:18]} Nxg4 {[%emt 0:00:55]} 36. Bxg6 {[%emt 0:00:07]} Nxg5 {[%emt 0:00:25]} 37. Rxg5 {[%emt 0:01:46]} Nf2 {[%emt 0:00:15]} 38. Bc2 {[%emt 0:00:14]} Nh3 {[%emt 0:00:41]} 39. Re5 {[%emt 0:00:45]} 1-0

[Event "37th Belgrade Trophy 2024"]
[Site "Belgrade"]
[Date "2024.11.24"]
[Round "2.7"]
[White "Ivanovic, Marko"]
[Black "Darmaeva, Nomina"]
[Result "1-0"]
[WhiteElo "2297"]
[BlackElo "1936"]
[Annotator "RC"]
[PlyCount "117"]
[EventDate "2024.11.23"]
[EventCountry "SRB"]
[SourceTitle "playchess.com"]
[Source "ChessBase"]
[SourceQuality "1"]
[TimeControl "40/5400+30:900+30"]

1. Nf3 {[%emt 0:00:01]} d5 {[%emt 0:04:45]} 2. g3 {[%emt 0:00:09]} Nd7 {[%emt 0:00:05]} 3. d4 {[%emt 0:00:16]} Nb6 {[%emt 0:01:30]} 4. b3 {[%emt 0:00:07]} Bf5 {[%emt 0:03:23]} 5. Bb2 {[%emt 0:03:50]} Nf6 {[%emt 0:01:30]} 6. Nbd2 {[%emt 0:00:21]} e6 {[%emt 0:02:09]} 7. Nh4 {[%emt 0:00:37]} Bg4 {[%emt 0:02:34]} 8. h3 {[%emt 0:00:57]} Bh5 {[%emt 0:01:05]} 9. Bg2 {[%emt 0:02:18]} Be7 {[%emt 0:04:04]} 10. g4 {[%emt 0:01:50]} Ne4 {[%emt 0:04:56]} 11. Nxe4 {[%emt 0:06:42]} dxe4 {[%emt 0:01:00]} 12. gxh5 {[%emt 0:00:06]} Bxh4 {[%emt 0:00:10]} 13. Bxe4 {[%emt 0:00:38]} Qf6 {[%emt 0:06:50]} 14. Rf1 {[%emt 0:00:49]} Nd5 {[%emt 0:07:22]} 15. Qd2 {[%emt 0:01:58]} Bg5 {[%emt 0:05:08]} 16. Qd3 {[%emt 0:04:57]} O-O-O {[%emt 0:06:50]} 17. e3 {[%emt 0:01:40]} c6 {[%emt 0:06:01]} 18. c4 {[%emt 0:01:41]} Ne7 {[%emt 0:02:18]} 19. O-O-O {[%emt 0:00:09]} Qh6 {[%emt 0:01:03]} 20. f4 {[%emt 0:02:10]} Bh4 {[%emt 0:00:25]} 21. Bf3 {[%emt 0:00:21]} Rhe8 {[%emt 0:07:06]} 22. Kb1 {[%emt 0:00:14]} g6 {[%emt 0:01:13]} 23. Qc3 {[%emt 0:01:21]} Nf5 {[%emt 0:02:34]} 24. Bc1 {[%emt 0:02:15]} Qg7 {[%emt 0:01:52]} 25. Rd3 {[%emt 0:03:03]} gxh5 {[%emt 0:03:57]} 26. Rfd1 {[%emt 0:00:07]} Bf6 {[%emt 0:01:05]} 27. Bxh5 {[%emt 0:00:18]} Ng3 {[%emt 0:01:33]} 28. Bf3 {[%emt 0:01:22]} Nf5 {[%emt 0:03:01]} 29. Bb2 {[%emt 0:08:00]} Rg8 {[%emt 0:01:18]} 30. a3 {[%emt 0:06:25]} Qh8 {[%emt 0:03:54]} 31. Ka2 {[%emt 0:01:43]} Rg3 {[%emt 0:01:56]} 32. Bg4 {[%emt 0:00:21]} Nd6 {[%emt 0:01:37]} 33. Qe1 {[%emt 0:01:04]} Ne4 {[%emt 0:02:20]} 34. Qe2 {[%emt 0:00:13]} h5 {[%emt 0:03:31]} 35. Bf3 {[%emt 0:01:09]} Qh7 {[%emt 0:00:35]} 36. Bh1 {[%emt 0:00:17]} Bg7 {[%emt 0:03:54]} 37. b4 {[%emt 0:01:04]} f5 {[%emt 0:01:12]} 38. b5 {[%emt 0:04:57]} cxb5 {[%emt 0:00:18]} 39. cxb5 {[%emt 0:00:34]} Kb8 {[%emt 0:00:21]} 40. Bxe4 {[%emt 0:00:00]} fxe4 {[%emt 0:00:00]} 41. Rc3 {[%emt 0:00:43]} Bf8 {[%emt 0:01:50]} 42. Rdc1 {[%emt 0:04:02]} Bd6 {[%emt 0:00:54]} 43. Qc2 {[%emt 0:03:59]} Rgg8 {[%emt 0:01:04]} 44. a4 {[%emt 0:00:12]} Qf5 {[%emt 0:00:42]} 45. Ba3 {[%emt 0:00:44]} Bxa3 {[%emt 0:02:15]} 46. Kxa3 {[%emt 0:00:39]} Qd5 {[%emt 0:01:48]} 47. Rc5 {[%emt 0:00:32]} Qd6 {[%emt 0:00:17]} 48. Kb3 {[%emt 0:00:08]} b6 {[%emt 0:00:40]} 49. Rc6 {[%emt 0:01:47]} Qd5+ {[%emt 0:00:13]} 50. Kb4 {[%emt 0:00:14]} Qd7 {[%emt 0:01:32]} 51. Qxe4 {[%emt 0:00:38]} Rde8 {[%emt 0:04:17]} 52. Qe5+ {[%emt 0:00:50]} Ka8 {[%emt 0:00:09]} 53. Qxh5 {[%emt 0:03:08]} Rg3 {[%emt 0:00:50]} 54. Qxe8+ {[%emt 0:00:12]} Qxe8 {[%emt 0:00:06]} 55. Rc8+ {[%emt 0:00:01]} Qxc8 {[%emt 0:00:13]} 56. Rxc8+ {[%emt 0:00:02]} Kb7 {[%emt 0:00:17]} 57. Rc3 {[%emt 0:00:01]} Rxh3 {[%emt 0:00:09]} 58. Kc4 {[%emt 0:00:07]} Rh5 {[%emt 0:01:18]} 59. Kd3 {[%emt 0:00:05]} 1-0

[Event "37th Belgrade Trophy 2024"]
[Site "Belgrade"]
[Date "2024.11.24"]
[Round "2.8"]
[White "Nikolic, Matija"]
[Black "Galojan, Lilit"]
[Result "0-1"]
[WhiteElo "1951"]
[BlackElo "2285"]
[Annotator "RC"]
[PlyCount "42"]
[EventDate "2024.11.23"]
[EventCountry "SRB"]
[SourceTitle "playchess.com"]
[Source "ChessBase"]
[SourceQuality "1"]
[TimeControl "40/5400+30:900+30"]

1. d4 {[%emt 0:00:03]} Nf6 {[%emt 0:00:48]} 2. c4 {[%emt 0:00:09]} e6 {[%emt 0:00:03]} 3. Nf3 {[%emt 0:00:06]} b6 {[%emt 0:01:28]} 4. g3 {[%emt 0:00:12]} Ba6 {[%emt 0:00:58]} 5. Qc2 {[%emt 0:00:09]} c6 {[%emt 0:01:47]} 6. Bg2 {[%emt 0:04:55]} d5 {[%emt 0:00:31]} 7. b3 {[%emt 0:00:14]} Nbd7 {[%emt 0:02:46]} 8. O-O {[%emt 0:02:29]} Be7 {[%emt 0:03:07]} 9. Nbd2 {[%emt 0:03:32]} O-O {[%emt 0:03:12]} 10. Bb2 {[%emt 0:02:26]} c5 {[%emt 0:07:34]} 11. e3 {[%emt 0:12:34]} Rc8 {[%emt 0:00:44]} 12. Rac1 {[%emt 0:01:34]} b5 {[%emt 0:14:45]} 13. cxb5 {[%emt 0:04:58]} Bxb5 {[%emt 0:00:55]} 14. Rfd1 {[%emt 0:06:46]} Qa5 {[%emt 0:04:39]} 15. Bc3 {[%emt 0:00:30]} Qa6 {[%emt 0:00:56]} 16. Qb2 {[%emt 0:02:41]} Rb8 {[%emt 0:03:52]} 17. Bf1 {[%emt 0:16:18]} Bxf1 {[%emt 0:04:24]} 18. Rxf1 {[%emt 0:00:13]} cxd4 {[%emt 0:00:29]} 19. Bxd4 {[%emt 0:00:28]} Ba3 {[%emt 0:00:17]} 20. Qa1 {[%emt 0:00:29]} Bxc1 {[%emt 0:00:05]} 21. Rxc1 {[%emt 0:00:01]} Rfc8 {[%emt 0:01:34]} 0-1

[Event "37th Belgrade Trophy 2024"]
[Site "Belgrade"]
[Date "2024.11.24"]
[Round "2.9"]
[White "Petrovic, Aleksa"]
[Black "Bajkic, Strahinja"]
[Result "1-0"]
[WhiteElo "2262"]
[BlackElo "1923"]
[Annotator "RC"]
[PlyCount "67"]
[EventDate "2024.11.23"]
[EventCountry "SRB"]
[SourceTitle "playchess.com"]
[Source "ChessBase"]
[SourceQuality "1"]
[TimeControl "40/5400+30:900+30"]

1. g3 {[%emt 0:00:03]} Nf6 {[%emt 0:04:03]} 2. Bg2 {[%emt 0:00:07]} d5 {[%emt 0:00:50]} 3. c4 {[%emt 0:01:33]} e6 {[%emt 0:01:20]} 4. Nf3 {[%emt 0:00:18]} Be7 {[%emt 0:01:15]} 5. d4 {[%emt 0:00:06]} O-O {[%emt 0:01:41]} 6. O-O {[%emt 0:00:04]} dxc4 {[%emt 0:02:47]} 7. Qc2 {[%emt 0:00:05]} b6 {[%emt 0:02:19]} 8. Bg5 {[%emt 0:01:19]} Nd5 {[%emt 0:04:50]} 9. Bxe7 {[%emt 0:00:06]} Qxe7 {[%emt 0:00:24]} 10. Qxc4 {[%emt 0:00:14]} Bb7 {[%emt 0:02:34]} 11. Re1 {[%emt 0:06:50]} Rc8 {[%emt 0:14:17]} 12. e4 {[%emt 0:01:15]} Nf6 {[%emt 0:01:30]} 13. Nc3 {[%emt 0:00:30]} Nbd7 {[%emt 0:02:02]} 14. Rad1 {[%emt 0:02:27]} c6 {[%emt 0:03:17]} 15. Qb3 {[%emt 0:08:40]} Rd8 {[%emt 0:07:42]} 16. Rd2 {[%emt 0:05:12]} Ne8 {[%emt 0:05:03]} 17. Qd1 {[%emt 0:02:24]} Nd6 {[%emt 0:04:26]} 18. d5 {[%emt 0:05:13]} Nb5 {[%emt 0:08:03]} 19. dxe6 {[%emt 0:06:05]} fxe6 {[%emt 0:01:06]} 20. Nxb5 {[%emt 0:01:11]} cxb5 {[%emt 0:00:54]} 21. Nd4 {[%emt 0:00:07]} a6 {[%emt 0:03:06]} 22. Nf5 {[%emt 0:21:52]} exf5 {[%emt 0:07:19]} 23. exf5 {[%emt 0:00:12]} Ne5 {[%emt 0:02:01]} 24. Bxb7 {[%emt 0:00:08]} Rxd2 {[%emt 0:01:31]} 25. Qxd2 {[%emt 0:00:06]} Re8 {[%emt 0:00:17]} 26. Qd5+ {[%emt 0:04:42]} Kh8 {[%emt 0:00:52]} 27. Kg2 {[%emt 0:01:34]} Qc7 {[%emt 0:04:00]} 28. Bc6 {[%emt 0:03:12]} Re7 {[%emt 0:01:08]} 29. Bxb5 {[%emt 0:00:08]} h6 {[%emt 0:01:13]} 30. Bxa6 {[%emt 0:00:17]} Ng4 {[%emt 0:02:10]} 31. Rxe7 {[%emt 0:00:12]} Qxe7 {[%emt 0:00:01]} 32. Qe6 {[%emt 0:30:18]} Qa7 {[%emt 0:01:37]} 33. Qc8+ {[%emt 0:00:00]} Kh7 {[%emt 0:00:08]} 34. Qb7 {[%emt 0:00:00]} 1-0

[Event "37th Belgrade Trophy 2024"]
[Site "Belgrade"]
[Date "2024.11.24"]
[Round "2.10"]
[White "Vucinic, Filip"]
[Black "Martic, Ivan"]
[Result "0-1"]
[WhiteElo "1944"]
[BlackElo "2261"]
[Annotator "RC"]
[PlyCount "90"]
[EventDate "2024.11.23"]
[EventCountry "SRB"]
[SourceTitle "playchess.com"]
[Source "ChessBase"]
[SourceQuality "1"]
[TimeControl "40/5400+30:900+30"]

1. e4 {[%emt 0:00:01]} c5 {[%emt 0:10:38]} 2. Nf3 {[%emt 0:00:05]} e6 {[%emt 0:00:07]} 3. Nc3 {[%emt 0:00:08]} a6 {[%emt 0:00:17]} 4. d4 {[%emt 0:00:25]} cxd4 {[%emt 0:00:06]} 5. Nxd4 {[%emt 0:00:02]} b5 {[%emt 0:00:28]} 6. Bd3 {[%emt 0:02:03]} Bb7 {[%emt 0:00:41]} 7. O-O {[%emt 0:00:10]} Nc6 {[%emt 0:00:07]} 8. Nce2 {[%emt 0:03:39]} Nf6 {[%emt 0:02:24]} 9. Re1 {[%emt 0:02:01]} Bc5 {[%emt 0:04:34]} 10. Nxc6 {[%emt 0:04:47]} Bxc6 {[%emt 0:00:25]} 11. Ng3 {[%emt 0:00:04]} h5 {[%emt 0:02:37]} 12. h3 {[%emt 0:09:13]} h4 {[%emt 0:03:57]} 13. Nf1 {[%emt 0:00:39]} d5 {[%emt 0:10:34]} 14. e5 {[%emt 0:05:05]} Ne4 {[%emt 0:05:23]} 15. Bxe4 {[%emt 0:04:55]} dxe4 {[%emt 0:00:06]} 16. Qg4 {[%emt 0:18:39]} Qd4 {[%emt 0:04:57]} 17. Qf4 {[%emt 0:00:16]} Rh5 {[%emt 0:07:17]} 18. c3 {[%emt 0:15:00]} Qxe5 {[%emt 0:00:23]} 19. Qxe5 {[%emt 0:00:21]} Rxe5 {[%emt 0:00:06]} 20. Bf4 {[%emt 0:00:11]} Rh5 {[%emt 0:08:58]} 21. Nd2 {[%emt 0:03:34]} f5 {[%emt 0:02:31]} 22. Nb3 {[%emt 0:01:58]} Be7 {[%emt 0:03:51]} 23. Nd4 {[%emt 0:01:19]} Bd5 {[%emt 0:02:07]} 24. a4 {[%emt 0:07:26]} bxa4 {[%emt 0:02:01]} 25. Rxa4 {[%emt 0:00:11]} g5 {[%emt 0:01:36]} 26. Be5 {[%emt 0:00:48]} Kf7 {[%emt 0:00:32]} 27. c4 {[%emt 0:02:42]} Bb7 {[%emt 0:01:08]} 28. b4 {[%emt 0:00:08]} g4 {[%emt 0:02:48]} 29. c5 {[%emt 0:02:13]} Bd5 {[%emt 0:01:19]} 30. Kh2 {[%emt 0:06:36]} gxh3 {[%emt 0:02:24]} 31. Kxh3 {[%emt 0:01:15]} f4 {[%emt 0:02:24]} 32. Bd6 {[%emt 0:04:21]} Bf6 {[%emt 0:05:02]} 33. Ne2 {[%emt 0:00:16]} e5 {[%emt 0:00:23]} 34. Nc3 {[%emt 0:00:38]} Be6+ {[%emt 0:04:13]} 35. Kh2 {[%emt 0:00:03]} h3 {[%emt 0:00:22]} 36. g3 {[%emt 0:00:03]} e3 {[%emt 0:00:33]} 37. gxf4 {[%emt 0:01:34]} Rg8 {[%emt 0:02:43]} 38. fxe3 {[%emt 0:01:50]} exf4 {[%emt 0:03:12]} 39. Ne4 {[%emt 0:01:20]} Rg2+ {[%emt 0:01:36]} 40. Kh1 {[%emt 0:00:00]} Bd5 {[%emt 0:00:00]} 41. exf4 {[%emt 0:01:09]} Bh4 {[%emt 0:09:45]} 42. Re3 {[%emt 0:11:43]} Bf2 {[%emt 0:01:17]} 43. Re2 {[%emt 0:00:30]} h2 {[%emt 0:00:51]} 44. Kxg2 {[%emt 0:01:12]} h1=Q+ {[%emt 0:00:48]} 45. Kxf2 {[%emt 0:00:30]} Rh2+ {[%emt 0:01:29]} 0-1

[Event "37th Belgrade Trophy 2024"]
[Site "Belgrade"]
[Date "2024.11.23"]
[Round "3"]
[White "Atalik, Suat"]
[Black "Khaleev, Timofey D"]
[Result "1/2-1/2"]
[WhiteElo "2420"]
[BlackElo "1743"]
[Annotator "RC"]
[PlyCount "96"]
[EventDate "2024.11.23"]
[EventCountry "SRB"]
[SourceTitle "playchess.com"]
[Source "ChessBase"]
[SourceQuality "1"]

1. d4 d5 2. c4 c6 3. Nf3 Nf6 4. Nc3 e6 5. g3 Nbd7 6. Qd3 Be7 7. Bg2 O-O 8. O-O b6 9. b3 Bb7 10. Rd1 c5 11. cxd5 Nxd5 12. Nxd5 Bxd5 13. e4 Bb7 14. Qe2 Qe8 15. Bb2 cxd4 16. Nxd4 Nc5 17. Nb5 Rd8 18. Rxd8 Qxd8 19. Rd1 Qb8 20. b4 Na4 21. Ba1 a6 22. Qg4 e5 23. Nc3 Nxc3 24. Bxc3 Bf6 25. Qe2 Rd8 26. h4 Qc7 27. Rxd8+ Bxd8 28. Qd3 Be7 29. Bd2 Qd6 30. Qxd6 Bxd6 31. f3 Kf8 32. Bf1 b5 33. Bh3 h5 34. g4 hxg4 35. Bxg4 Ke7 36. Kf2 Kd8 37. h5 Bc8 38. Kg3 Be6 39. Bxe6 fxe6 40. Kg4 Ke7 41. a3 Kf7 42. Be3 Bc7 43. Bc5 Bb8 44. Bb6 Bd6 45. Ba7 Bc7 46. Bc5 Bb8 47. Bb6 Bd6 48. Kg5 Be7+ 1/2-1/2

[Event "37th Belgrade Trophy 2024"]
[Site "Belgrade"]
[Date "2024.11.25"]
[Round "3.2"]
[White "Stanojoski, Zvonko"]
[Black "Prudnikova, Svetlana"]
[Result "1-0"]
[WhiteElo "2401"]
[BlackElo "2129"]
[Annotator "RC"]
[PlyCount "99"]
[EventDate "2024.11.23"]
[EventCountry "SRB"]
[SourceTitle "playchess.com"]
[Source "ChessBase"]
[SourceQuality "1"]
[TimeControl "40/5400+30:900+30"]

1. Nf3 d5 2. b3 {[%emt 0:01:00]} Bf5 {[%emt 0:03:01]} 3. Bb2 {[%emt 0:06:16]} e6 {[%emt 0:00:20]} 4. g3 {[%emt 0:01:29]} h6 {[%emt 0:00:34]} 5. Bg2 {[%emt 0:00:06]} Nf6 {[%emt 0:00:13]} 6. O-O {[%emt 0:00:20]} Be7 {[%emt 0:01:09]} 7. d3 {[%emt 0:00:19]} O-O {[%emt 0:02:11]} 8. Nbd2 {[%emt 0:00:11]} Bh7 {[%emt 0:01:48]} 9. c4 {[%emt 0:00:15]} c6 {[%emt 0:00:53]} 10. a3 {[%emt 0:00:35]} a5 {[%emt 0:00:57]} 11. Rc1 {[%emt 0:00:26]} Nbd7 {[%emt 0:02:23]} 12. Rc2 {[%emt 0:00:26]} Bd6 {[%emt 0:05:25]} 13. Qa1 {[%emt 0:02:34]} Qe7 {[%emt 0:01:00]} 14. cxd5 {[%emt 0:11:59]} cxd5 {[%emt 0:13:00]} 15. Nd4 {[%emt 0:01:25]} Rfc8 {[%emt 0:02:08]} 16. Rxc8+ {[%emt 0:03:15]} Rxc8 {[%emt 0:00:07]} 17. Rc1 {[%emt 0:00:12]} Rc5 {[%emt 0:07:16]} 18. a4 {[%emt 0:02:33]} Qf8 {[%emt 0:02:24]} 19. Nb5 {[%emt 0:00:28]} Rxc1+ {[%emt 0:02:51]} 20. Qxc1 {[%emt 0:01:32]} Bb4 {[%emt 0:01:36]} 21. Nf3 {[%emt 0:01:12]} Qc5 {[%emt 0:06:45]} 22. Qd1 {[%emt 0:05:17]} Bg6 {[%emt 0:07:35]} 23. h3 {[%emt 0:03:09]} Nh5 {[%emt 0:06:44]} 24. Ne5 {[%emt 0:04:09]} Nxe5 {[%emt 0:03:11]} 25. Bxe5 {[%emt 0:00:07]} Qc8 {[%emt 0:10:55]} 26. Qa1 {[%emt 0:13:51]} f6 {[%emt 0:01:54]} 27. Bc3 {[%emt 0:00:48]} Bxc3 {[%emt 0:03:26]} 28. Nxc3 {[%emt 0:02:32]} Qc5 {[%emt 0:01:56]} 29. Kf1 {[%emt 0:00:25]} Be8 {[%emt 0:03:20]} 30. Bf3 {[%emt 0:00:23]} f5 {[%emt 0:00:35]} 31. Bxh5 {[%emt 0:01:56]} Bxh5 {[%emt 0:00:01]} 32. Nb5 {[%emt 0:00:11]} Qc2 {[%emt 0:02:09]} 33. Nd4 {[%emt 0:01:38]} Qd2 {[%emt 0:00:08]} 34. g4 {[%emt 0:00:22]} fxg4 {[%emt 0:03:34]} 35. Nxe6 {[%emt 0:00:07]} Kf7 {[%emt 0:00:07]} 36. hxg4 {[%emt 0:03:55]} Kxe6 {[%emt 0:01:44]} 37. gxh5 {[%emt 0:00:03]} Qg5 {[%emt 0:00:40]} 38. Qc3 {[%emt 0:01:17]} Qxh5 {[%emt 0:00:37]} 39. Qxg7 {[%emt 0:03:46]} Kd6 {[%emt 0:01:03]} 40. Ke1 {[%emt 0:00:00]} Qh1+ {[%emt 0:00:00]} 41. Kd2 {[%emt 0:02:32]} h5 {[%emt 0:04:51]} 42. f4 {[%emt 0:01:17]} h4 {[%emt 0:04:23]} 43. Qe5+ {[%emt 0:00:31]} Kc6 {[%emt 0:01:37]} 44. f5 {[%emt 0:01:01]} h3 {[%emt 0:01:09]} 45. f6 {[%emt 0:01:21]} Qf1 {[%emt 0:02:37]} 46. Qe8+ {[%emt 0:00:34]} Kb6 {[%emt 0:04:59]} 47. f7 {[%emt 0:02:49]} h2 {[%emt 0:00:05]} 48. Qb5+ {[%emt 0:00:21]} Kc7 {[%emt 0:00:31]} 49. Qxa5+ {[%emt 0:01:06]} Kc6 {[%emt 0:01:18]} 50. Qb5+ {[%emt 0:00:21]} 1-0